ZTM Gdańsk - 212 - Statystyki

Ogólne statystyki
  • Ten quiz został rozwiązany 4 razy
  • Średni wynik to 21 z 40
Statystyki odpowiedzi
Miejscowość Ulica Przystanek % Poprawnych
Gdańsk Boguckiego Boguckiego
100%
Gdańsk Wały Jagiellońskie Brama Wyżynna
100%
Gdańsk Podwale Grodzkie Dworzec Główny
100%
Gdańsk Przegalińska Przegalina
100%
Gdańsk Turystyczna Sobieszewo
100%
Gdańsk Armii Krajowej Śródmieście SKM
100%
Gdańsk Turystyczna Turystyczna
100%
Gdańsk Podwale Przedmiejskie Żabi Kruk
100%
Gdańsk Podwale Przedmiejskie Akademia Muzyczna
67%
Gdańsk Podwale Przedmiejskie Brama Żuławska
67%
Gdańsk Podwale Przedmiejskie Chmielna
67%
Gdańsk Wały Piastowskie Plac Solidarności
67%
Gdańsk Przegalińska Przegalińska
67%
Gdańsk Elbląska Tarcice
67%
Gdańsk Elbląska Węzeł Elbląska
67%
Gdańsk Elbląska Błonia
33%
Gdańsk Turystyczna Falowa
33%
Gdańsk Turystyczna Forsycji
33%
Gdańsk Turystyczna Kanałowa
33%
Gdańsk Boguckiego Kempingowa
33%
Gdańsk Boguckiego Kwiatowa
33%
Gdańsk Turystyczna Lazurowa
33%
Przejazdowo Główna Makro
33%
Gdańsk Elbląska Miałki Szlak
33%
Gdańsk Elbląska Michałki
33%
Gdańsk Elbląska Mostek
33%
Gdańsk Turystyczna Orlinki
33%
Gdańsk Turystyczna Pole Namiotowe
33%
Gdańsk Świbnieńska Przystań
33%
Gdańsk Elbląska Rafineria
33%
Przejazdowo Główna Sezonowa
33%
Bogatka DW 501 Skrzyżowanie
33%
Gdańsk Świbnieńska Świbnieńska I
33%
Gdańsk Świbnieńska Świbnieńska II
33%
Gdańsk Świbnieńska Świbnieńska III
33%
Wiślinka Sobieszewska Szkoła
33%
Gdańsk Boguckiego Trałowa Szkoła
33%
Gdańsk Świbnieńska Uzdrowiskowa
33%
Gdańsk Boguckiego Węgorzowa
33%
Wiślinka Sobieszewska Piaskowa
0%
Nie znaleziono quizów pasujących do podanych kryteriów
Rozkład punktacji
Procent ludzi z każdym wynikiem
Percentyl według liczby udzielonych odpowiedzi
Twoja historia wyników
Nie rozwiązałeś tego quizu